000 00430nam a2200193Ia 4500
005 20250425161550.0
008 250425s9999 xx 000 0 und d
020 _a0863410049
041 _aeng
082 _a629.892
100 _aPUGH, A.
245 0 _aROBOTIC TECHNOLOGY
250 _a1ST ED.
260 _aLONDON
260 _aReino Unido
_bPETER PEREGRINUS
_c1983
300 _a168
942 _c01
010 _a23137
999 _c211713
_d211713